[Event "2.BLO 0607 SC Bamberg - Sf Schöneck"]
[Site "?"]
[Date "2006.10.15"]
[Round "1.1"]
[White "Oral, Tomas"]
[Black "Kalod, Radek"]
[Result "1/2-1/2"]
[WhiteElo "2510"]
[BlackElo "2512"]
[PlyCount "65"]
[EventDate "2006.??.??"]

1. e4 c5 2. c3 g6 3. d4 cxd4 4. cxd4 d5 5. exd5 Nf6 6. Nc3 Nxd5 7. Qb3 Nb6 8.
Be3 Bg7 9. Rd1 O-O 10. Nf3 Bg4 11. Be2 Nc6 12. O-O Rc8 13. h3 Na5 14. Qb4 Nc6
15. Qb3 Na5 16. Qb5 Bxf3 17. Bxf3 Nbc4 18. Bf4 a6 19. Qb4 b5 20. a4 Nc6 21.
Bxc6 Rxc6 22. axb5 axb5 23. Rfe1 Nd6 24. Bxd6 Qxd6 25. Qxb5 Rb8 26. Qe2 Rcb6
27. Qxe7 Qxe7 28. Rxe7 Rxb2 29. Re2 R2b3 30. Ne4 Rb1 31. Red2 Rxd1+ 32. Rxd1
Rb4 33. g3 1/2-1/2

[Event "2.BLO 0607 SC Bamberg - Sf Schöneck"]
[Site "?"]
[Date "2006.10.15"]
[Round "1.2"]
[White "Jirka, Jiri"]
[Black "Konopka, Mihal"]
[Result "0-1"]
[WhiteElo "2372"]
[BlackElo "2426"]
[PlyCount "115"]
[EventDate "2006.??.??"]

1. d4 Nf6 2. c4 g6 3. g3 c6 4. Bg2 d5 5. cxd5 cxd5 6. Nf3 Bg7 7. Ne5 O-O 8. Nc3
e6 9. O-O Nfd7 10. f4 Nc6 11. Be3 f6 12. Nf3 Nb6 13. b3 f5 14. Bc1 Re8 15. a4
Bd7 16. Ba3 Bf8 17. Bxf8 Rxf8 18. Ne5 a5 19. Qd2 Qe7 20. Qe3 Rfc8 21. Rac1 Nb4
22. g4 Be8 23. gxf5 gxf5 24. Rf3 Rc7 25. Rg3+ Kf8 26. Kh1 Rac8 27. Qd2 Nd7 28.
Nxd7+ Bxd7 29. Rg1 Qf6 30. Bf1 Be8 31. Rg8+ Ke7 32. R8g7+ Kd8 33. Rxc7 Rxc7 34.
Rg3 Rg7 35. e3 Bh5 36. Kg2 Rc7 37. Rg8+ Ke7 38. Rg3 Bd1 39. Qxd1 Rxc3 40. Qh5
Kd6 41. Qxh7 Rc7 42. Qg8 Rc2+ 43. Kg1 Nc6 44. Qg5 Ke7 45. h4 Nd8 46. Qh5 Nf7
47. Rg6 Qh8 48. Be2 Rc8 49. Qxh8 Rxh8 50. h5 Rh7 51. Kf2 Nd6 52. Bf3 Kf7 53.
Rg1 Kf6 54. Rg6+ Kf7 55. Rg1 Kf6 56. Rc1 Ne4+ 57. Ke2 Ng3+ 58. Kd3 0-1

[Event "2.BLO 0607 SC Bamberg - Sf Schöneck"]
[Site "?"]
[Date "2006.10.15"]
[Round "1.3"]
[White "Petr, Martin"]
[Black "Meister, Peter"]
[Result "1-0"]
[WhiteElo "2397"]
[BlackElo "2384"]
[PlyCount "77"]
[EventDate "2006.??.??"]

1. e4 c5 2. Nf3 d6 3. d4 cxd4 4. Nxd4 Nf6 5. Nc3 g6 6. Be3 Bg7 7. Qd2 O-O 8. f3
Nc6 9. Bc4 Bd7 10. O-O-O Ne5 11. Bb3 Qa5 12. Kb1 Rfc8 13. Bg5 Nc4 14. Bxc4 Rxc4
15. Nb3 Qe5 16. Rhe1 Rxc3 17. bxc3 Be6 18. Be3 Rc8 19. Bd4 Qb5 20. Ka1 Qa4 21.
Rb1 h5 22. Rb2 b6 23. Nc1 Bc4 24. e5 dxe5 25. Bxe5 Bf8 26. Nd3 Nd7 27. Bd4 e6
28. Ne5 Nxe5 29. Bxe5 Rc5 30. Qd8 Rd5 31. Qf6 Rxe5 32. Qxe5 Bg7 33. Qb8+ Kh7
34. Re3 Qd7 35. Rb4 Qd2 36. Kb2 Qxe3 37. Rxc4 a5 38. Qf4 Qf2 39. Rc7 1-0

[Event "2.BLO 0607 SC Bamberg - Sf Schöneck"]
[Site "?"]
[Date "2006.10.15"]
[Round "1.4"]
[White "Stehno, Pavel"]
[Black "Alber, Horst"]
[Result "1-0"]
[WhiteElo "2297"]
[BlackElo "2400"]
[PlyCount "53"]
[EventDate "2006.??.??"]

1. e4 c5 2. Nf3 Nc6 3. Nc3 g6 4. Bc4 Bg7 5. O-O e6 6. d3 Nge7 7. Re1 d6 8. a3
a6 9. Ba2 b5 10. h3 Rb8 11. Bf4 O-O 12. Qd2 Nd4 13. Nxd4 cxd4 14. Ne2 e5 15.
Bg5 Kh8 16. c3 dxc3 17. Nxc3 f6 18. Be3 Bb7 19. Rac1 f5 20. Bg5 Qd7 21. Rc2 Nc6
22. Nd5 f4 23. f3 h6 24. Bh4 Nd4 25. Rc7 Nxf3+ 26. gxf3 Qxh3 27. Be7 1-0

[Event "2.BLO 0607 SC Bamberg - Sf Schöneck"]
[Site "?"]
[Date "2006.10.15"]
[Round "1.5"]
[White "Telljohann, Sven"]
[Black "Smistik, Milan"]
[Result "1-0"]
[WhiteElo "2419"]
[BlackElo "2378"]
[PlyCount "131"]
[EventDate "2006.??.??"]

1. Nf3 Nf6 2. g3 d5 3. Bg2 g6 4. O-O Bg7 5. d4 O-O 6. Nbd2 Nbd7 7. c4 dxc4 8.
Nxc4 c5 9. dxc5 Nxc5 10. Be3 Nfe4 11. Rc1 b6 12. Ng5 Bb7 13. Nxe4 Nxe4 14. Qc2
f5 15. Rfd1 Qe8 16. Nd2 Nd6 17. Bxb7 Nxb7 18. Nf3 h6 19. Qb3+ Kh7 20. Rc7 Nc5
21. Bxc5 bxc5 22. Qe6 Qf7 23. Qxe7 Qxe7 24. Rxe7 Rfe8 25. Rdd7 Rxe7 26. Rxe7 a5
27. Rb7 a4 28. Ne5 a3 29. bxa3 Rxa3 30. Nd7 Kg8 31. Nxc5 Rxa2 32. Rb8+ Kf7 33.
Rb7+ Kg8 34. Kf1 g5 35. h3 Rc2 36. Nd3 Kh7 37. f4 Kg6 38. Rb6+ Kf7 39. Rb5 Kg6
40. Rd5 Ra2 41. Kf2 Bf6 42. Kf3 h5 43. fxg5 Bxg5 44. h4 Bd2 45. Ne5+ Kf6 46.
Nc4 Bc1 47. Rd6+ Ke7 48. Rc6 Rc2 49. Ne5 Rxc6 50. Nxc6+ Kf6 51. Nb4 Bd2 52.
Nd5+ Ke5 53. Nf4 Bxf4 54. gxf4+ Kd4 55. Kf2 Kc4 56. e3 Kc5 57. Kf3 Kd5 58. e4+
fxe4+ 59. Ke3 Ke6 60. Kxe4 Kf6 61. f5 Ke7 62. Ke5 Kf7 63. f6 Kf8 64. Kf5 Kf7
65. Kg5 Ke6 66. Kg6 1-0

[Event "2.BLO 0607 SC Bamberg - Sf Schöneck"]
[Site "?"]
[Date "2006.10.15"]
[Round "1.6"]
[White "Haag, Wolfgang"]
[Black "Ortmann, David"]
[Result "1-0"]
[WhiteElo "2264"]
[BlackElo "2294"]
[PlyCount "51"]
[EventDate "2006.??.??"]

1. d4 d5 2. c4 c6 3. Nf3 Nf6 4. Nc3 dxc4 5. a4 Bf5 6. e3 e6 7. Bxc4 Bb4 8. O-O
O-O 9. Nh4 Nbd7 10. Nxf5 exf5 11. Bd2 Qa5 12. Be1 Rac8 13. Qb3 c5 14. Nd5 Nxd5
15. Bxd5 Bxe1 16. Rfxe1 Rc7 17. Red1 Nb6 18. Bf3 cxd4 19. Rxd4 Rfc8 20. g3 g6
21. Rad1 Kg7 22. Kg2 Qc5 23. Rb4 Rb8 24. Rdd4 Qe7 25. Rb5 Nc4 26. Rxc4 1-0

[Event "2.BLO 0607 SC Bamberg - Sf Schöneck"]
[Site "?"]
[Date "2006.10.15"]
[Round "1.7"]
[White "Schmitzer, Klaus"]
[Black "Huemmer, Bernd"]
[Result "1-0"]
[WhiteElo "2336"]
[BlackElo "2213"]
[PlyCount "109"]
[EventDate "2006.??.??"]

1. e4 Nf6 2. e5 Nd5 3. d4 d6 4. c4 Nb6 5. exd6 cxd6 6. Bd3 Nc6 7. Ne2 g6 8. O-O
Bg7 9. Be3 O-O 10. Nbc3 Bg4 11. f3 Bf5 12. b3 Bxd3 13. Qxd3 d5 14. c5 Nc8 15.
Rab1 e6 16. b4 N8e7 17. Rfd1 Nf5 18. Bf2 h5 19. b5 Na5 20. Ng3 Nh6 21. Rb4 h4
22. Nf1 Nf5 23. g4 hxg3 24. hxg3 Qf6 25. Kg2 b6 26. Na4 Rab8 27. Nh2 Nc4 28.
Ng4 Qd8 29. f4 g5 30. Rh1 bxc5 31. dxc5 Qa5 32. Rhb1 gxf4 33. gxf4 Qc7 34. Kf3
Qe7 35. Rh1 f6 {(=)} 36. Rbb1 Kf7 37. Nc3 Rh8 38. a4 Rbd8 39. Kg2 Rxh1 40. Rxh1
Qd7 41. Rh5 Rh8 42. Rxh8 Bxh8 43. Ne2 Bg7 44. c6 Qc7 45. Qc3 Nfd6 46. Bd4 Ne4
47. Qd3 Ncd6 48. Ne3 Qa5 49. f5 Qe1 50. fxe6+ Kxe6 51. Nxd5 f5 52. Ndf4+ Kf7
53. Qb3+ Kf8 54. Ng6+ Ke8 55. Qe6+ 1-0

[Event "2.BLO 0607 SC Bamberg - Sf Schöneck"]
[Site "?"]
[Date "2006.10.15"]
[Round "1.8"]
[White "Pauli, Alexander Dr"]
[Black "Nazarenus, Moritz"]
[Result "1/2-1/2"]
[WhiteElo "2183"]
[BlackElo "2201"]
[PlyCount "118"]
[EventDate "2006.??.??"]

1. e4 c6 2. d4 d5 3. Nc3 dxe4 4. Nxe4 Bf5 5. Ng3 Bg6 6. Nf3 Nd7 7. Nh4 e6 8.
Nxg6 hxg6 9. Be2 Qc7 10. Be3 Ngf6 11. Qd2 Bd6 12. O-O-O O-O-O 13. c4 c5 14. Kb1
cxd4 15. Bxd4 Ne5 16. Qc3 Nc6 17. Be3 Kb8 18. h3 Be5 19. Qa3 Qa5 20. Qxa5 Nxa5
21. f4 Bc7 22. Kc2 Nc6 23. Bf3 Ne7 24. Rxd8+ Rxd8 25. Rd1 Rxd1 26. Bxd1 a6 27.
Bf3 e5 28. fxe5 Bxe5 29. Ne2 Nf5 30. Bb6 Nh4 31. b4 Kc8 32. a4 Nxf3 33. gxf3
Kd7 34. Kd3 Kc6 35. Bd4 Nd7 36. b5+ axb5 37. cxb5+ Kd6 38. a5 Bf6 39. Kc4 Bd8
40. a6 bxa6 41. bxa6 Kc6 42. a7 Kb7 43. Kd5 Nb6+ 44. Bxb6 Bxb6 45. Kd6 g5 46.
Ke7 f5 47. a8=Q+ Kxa8 48. Kf7 g4 49. fxg4 fxg4 50. hxg4 g5 51. Kg6 Be3 52. Nc3
Kb7 53. Ne4 Kc6 54. Nxg5 Kd7 55. Kf6 Ke8 56. Ne6 Bd2 57. Kf5 Kf7 58. Nf4 Bxf4
59. Kxf4 Kg6 1/2-1/2

[Event "2.BLO 0607 SK Passau - SC Forchheim"]
[Site "?"]
[Date "2006.10.15"]
[Round "1.1"]
[White "Jansa, Vlastimil"]
[Black "Velicka, Petr"]
[Result "0-1"]
[WhiteElo "2482"]
[BlackElo "2475"]
[PlyCount "69"]
[EventDate "2006.??.??"]

1. e4 c6 2. c4 d5 3. exd5 cxd5 4. d4 Nf6 5. Nc3 Nc6 6. Bg5 e6 7. cxd5 exd5 8.
Bb5 Be7 9. Nge2 O-O 10. O-O h6 11. Bh4 Bf5 12. Rc1 Rc8 13. Re1 a6 14. Bxc6 Rxc6
15. Ng3 Be6 16. f4 Re8 17. f5 Bd7 18. Rc2 Bb4 19. Rxe8+ Bxe8 20. Nh5 Be7 21.
Re2 Bd7 22. Re5 Nxh5 23. Bxe7 Qb6 24. Nxd5 Qxb2 25. Bc5 Rxc5 26. Ne7+ Kf8 27.
Rxc5 Kxe7 28. Qe1+ Kf8 29. Qe5 Nf6 30. h3 Kg8 31. Rc7 Bc6 32. Qg3 Qxd4+ 33. Kh2
Qd5 34. Rc8+ Kh7 35. Rf8 0-1

[Event "2.BLO 0607 SK Passau - SC Forchheim"]
[Site "?"]
[Date "2006.10.15"]
[Round "1.2"]
[White "Rasik, Vitezslav"]
[Black "Heidrich, Manfred"]
[Result "1-0"]
[WhiteElo "2469"]
[BlackElo "2405"]
[PlyCount "117"]
[EventDate "2006.??.??"]

1. e4 e5 2. Nf3 Nc6 3. Bb5 a6 4. Ba4 Nf6 5. d3 d6 6. c3 g6 7. d4 Bd7 8. O-O Bg7
9. Re1 O-O 10. h3 Re8 11. Nbd2 b5 12. Bc2 exd4 13. cxd4 Nb4 14. Bb1 c5 15. dxc5
dxc5 16. e5 Nh5 17. Ne4 Bxe5 18. Nxc5 Bc6 19. Qxd8 Raxd8 20. Nxe5 Rxe5 21. Rxe5
Rd1+ 22. Kh2 Rxc1 23. Rxh5 Nc2 24. Bxc2 Rxa1 25. Re5 Rxa2 26. Nd3 Kf8 27. Bb3
Ra1 28. Rc5 Be4 29. Ne5 Rb1 30. Bc2 Bxc2 31. Rxc2 a5 32. Nc6 a4 33. Kg3 Rd1 34.
Kf3 a3 35. bxa3 Rd3+ 36. Ke4 Rxa3 37. Nd4 b4 38. Rb2 Ra4 39. Kd5 Kg7 40. f4 h5
41. Kc5 b3 42. Rxb3 Ra2 43. g4 hxg4 44. hxg4 g5 45. fxg5 Rg2 46. Nf5+ Kh7 47.
Rh3+ Kg8 48. Kd5 Ra2 49. Ke5 Ra5+ 50. Kf4 Ra4+ 51. Kg3 Ra1 52. Kh4 Kh7 53. Kh5
Rb1 54. Ra3 Rh1+ 55. Nh4 Kg7 56. Ra7 Kf8 57. g6 fxg6+ 58. Kg5 Kg8 59. Kxg6 1-0

[Event "2.BLO 0607 SK Passau - SC Forchheim"]
[Site "?"]
[Date "2006.10.15"]
[Round "1.3"]
[White "Orsag, Milan"]
[Black "Weiss, Christian"]
[Result "1/2-1/2"]
[WhiteElo "2423"]
[BlackElo "2451"]
[PlyCount "67"]
[EventDate "2006.??.??"]

1. d4 Nf6 2. c4 g6 3. Nc3 Bg7 4. e4 d6 5. f4 O-O 6. Nf3 c5 7. d5 e6 8. Be2 exd5
9. exd5 Re8 10. O-O Ng4 11. h3 Ne3 12. Bxe3 Rxe3 13. Qd2 Re8 14. Bd3 Nd7 15.
Rae1 Rxe1 16. Rxe1 Nf6 17. f5 Bd7 18. g4 a6 19. Qh2 Qc7 20. g5 Nh5 21. f6 Bf8
22. Nd2 b5 23. Be2 Re8 24. Nce4 Qa5 25. Rf1 Qxa2 26. Bxh5 gxh5 27. Nxd6 Bxd6
28. Qxd6 Bxh3 29. Qc6 Rf8 30. Re1 Qxb2 31. Re8 Qc1+ 32. Kh2 Qxd2+ 33. Kxh3 Qd3+
34. Kh2 1/2-1/2

[Event "2.BLO 0607 SK Passau - SC Forchheim"]
[Site "?"]
[Date "2006.10.15"]
[Round "1.4"]
[White "Schmidt, Peter"]
[Black "Zwanzger, Johannes"]
[Result "1/2-1/2"]
[WhiteElo "2395"]
[BlackElo "2340"]
[PlyCount "89"]
[EventDate "2006.??.??"]

1. e4 c5 2. Nf3 e6 3. d3 Nc6 4. g3 g6 5. Bg2 Bg7 6. O-O Nge7 7. Nbd2 O-O 8. Re1
d6 9. a4 b6 10. e5 Bb7 11. exd6 Nf5 12. Nc4 {(=)} 12... Nxd6 13. Nxd6 Qxd6 14.
Bf4 Qd7 15. Ne5 Nxe5 16. Bxb7 Qxb7 17. Bxe5 Bxe5 18. Rxe5 Rfd8 19. Qe2 Rd6 20.
a5 Rad8 21. axb6 axb6 22. Qe4 Qxe4 {(=)} 23. Rxe4 Kg7 24. Kf1 R8d7 25. Ke2 f5
26. Rc4 Kf6 27. Ra6 Ke5 28. b4 Kd5 29. f4 cxb4 30. Rxb4 Kc5 31. Rc4+ Kd5 32.
Ke3 e5 33. fxe5 Kxe5 34. Rb4 Rb7 35. c4 Re6 36. d4+ Kd6+ 37. Kd3 Kc7 38. Ra8
Re1 39. Rf8 Rd1+ 40. Kc3 Rc1+ 41. Kd3 Rd1+ 42. Ke3 Re1+ 43. Kf3 Re4 44. Rf7+
Kc8 45. Rf8+ {(=)} 1/2-1/2

[Event "2.BLO 0607 SK Passau - SC Forchheim"]
[Site "?"]
[Date "2006.10.15"]
[Round "1.5"]
[White "Niedermaier, Hans"]
[Black "Hellmayr, Alois"]
[Result "0-1"]
[WhiteElo "2282"]
[BlackElo "2315"]
[PlyCount "120"]
[EventDate "2006.??.??"]

1. e4 c5 2. Nf3 e6 3. Nc3 a6 4. d4 cxd4 5. Qxd4 Nc6 6. Qe3 d6 7. Bd3 Nf6 8. h3
Be7 9. O-O Qc7 10. Re1 O-O 11. e5 Nxe5 12. Nxe5 dxe5 13. Qxe5 Qxe5 {(=)} 14.
Rxe5 Bd7 15. Re2 Rac8 16. Bg5 Bc6 17. Ne4 Rfd8 18. Nxf6+ Bxf6 19. Bxf6 gxf6 20.
Rae1 Rd4 21. Re3 f5 22. c3 Rd6 23. f4 Rcd8 24. Bf1 Rd2 25. R3e2 Rxe2 26. Rxe2
Rd1 27. b3 Be4 28. Kf2 Rc1 29. c4 Bd3 30. Re1 Rc2+ 31. Ke3 Bxf1 32. Rxf1 Rxa2
33. Kd4 Rxg2 34. Rf3 Rd2+ 35. Ke5 Kf8 36. Kf6 Rg2 37. c5 Rg6+ 38. Ke5 Ke7 39.
b4 Rg1 40. Kd4 Rd1+ 41. Kc4 Re1 42. Kb3 Kd7 43. Rd3+ Kc7 44. Rg3 Kc6 45. Rg7
Kb5 46. Rxf7 Re3+ 47. Kc2 Kxb4 48. Rxb7+ Kxc5 49. Rxh7 Rf3 50. Re7 Kd6 51. Ra7
Rxf4 52. Rxa6+ Ke5 53. Ra8 Rd4 54. Ra1 Kf4 55. Rg1 Kf3 56. Kc3 Rd6 57. Rg6 f4
58. h4 Ke2 59. h5 f3 60. h6 f2 0-1

[Event "2.BLO 0607 SK Passau - SC Forchheim"]
[Site "?"]
[Date "2006.10.15"]
[Round "1.6"]
[White "Hiermann, Dietmar"]
[Black "Lang, Stefan"]
[Result "1-0"]
[WhiteElo "2260"]
[BlackElo "2286"]
[PlyCount "101"]
[EventDate "2006.??.??"]

1. e4 c6 2. d4 Na6 3. Nf3 g6 4. Nc3 Nc7 5. Bf4 d6 6. h3 Bg7 7. Qd2 b5 8. Bd3 a6
9. Rd1 Nf6 10. O-O O-O 11. Bh6 Bb7 12. Bxg7 Kxg7 13. Qe3 Rb8 14. Ne2 Nd7 15.
Ng3 e6 16. c3 Qe7 17. a3 e5 18. Bb1 Rfd8 19. Rfe1 Ne6 20. Ba2 Nf4 21. Ne2 Nxe2+
22. Rxe2 Nf6 23. Ng5 Rf8 24. b4 h6 25. Nf3 Rfe8 26. c4 bxc4 27. Bxc4 exd4 28.
Qxd4 c5 29. bxc5 dxc5 30. Qc3 Bxe4 31. Rde1 Qb7 32. Bxa6 Qxa6 33. Rxe4 Rxe4 34.
Rxe4 Rb1+ 35. Re1 Rxe1+ 36. Nxe1 Qd6 37. Nd3 Qd4 38. Qxd4 cxd4 39. a4 Nd5 40.
a5 Kf6 41. Kf1 Ke7 42. Ke2 Kd6 43. Kd2 Kc6 44. Ne5+ Kb5 45. g3 h5 46. Kd3 h4
47. Nxf7 hxg3 48. fxg3 Ne3 49. g4 Nd1 50. Kxd4 Nf2 51. Ng5 1-0

[Event "2.BLO 0607 SK Passau - SC Forchheim"]
[Site "?"]
[Date "2006.10.15"]
[Round "1.7"]
[White "Cifka, Stanislav"]
[Black "Testor, Sebastian"]
[Result "1/2-1/2"]
[WhiteElo "2342"]
[BlackElo "2233"]
[PlyCount "81"]
[EventDate "2006.??.??"]

1. d4 e6 2. e4 d5 3. Nd2 Be7 4. e5 c5 5. Qg4 g6 6. dxc5 Nd7 7. Bb5 Qc7 8. Ngf3
Qxc5 9. Bd3 Qc7 10. Qg3 f6 11. exf6 Qxg3 12. hxg3 Bxf6 13. Nb3 e5 14. Ng5 e4
15. Be2 Nf8 16. Bb5+ Ke7 17. Bd2 Bxb2 18. Rb1 Ba3 19. f3 Nf6 20. O-O h6 21.
fxe4 hxg5 22. Rxf6 Kxf6 23. Bc3+ Ke7 24. Bxh8 dxe4 25. Re1 Bf5 26. g4 Bxg4 27.
Rxe4+ Ne6 28. Rxg4 Rxh8 29. Ra4 a6 30. Rxa3 axb5 31. Ra5 Nc7 32. Ra7 Rb8 33.
Na5 Kd6 34. Rxb7 Ra8 35. Rb6+ Kc5 36. Rc6+ Kd5 37. Rxc7 Rxa5 38. Kf2 Rxa2 39.
Kf3 b4 40. Kg4 b3 41. cxb3 {(=)} 1/2-1/2

[Event "2.BLO 0607 SK Passau - SC Forchheim"]
[Site "?"]
[Date "2006.10.15"]
[Round "1.8"]
[White "Linhart, Wolfgang"]
[Black "Bartsch, Berthold"]
[Result "0-1"]
[WhiteElo "2223"]
[BlackElo "2195"]
[PlyCount "96"]
[EventDate "2006.??.??"]

1. d4 Nf6 2. Bf4 c6 3. Nf3 Qb6 4. Qc1 d6 5. h3 Bf5 6. e3 Nbd7 7. Be2 h6 8. O-O
g5 9. Bh2 g4 10. Nh4 Be6 11. hxg4 Nxg4 12. Bg3 Bg7 13. Nd2 Ndf6 14. Qd1 h5 15.
c4 Bh6 16. d5 Bd7 17. dxc6 bxc6 18. c5 Qxc5 19. Nb3 Qb6 20. Qd3 Rg8 21. Bf4
Bxf4 22. exf4 Nd5 23. Qd2 Qb4 24. Qxb4 Nxb4 25. g3 Rb8 26. Nd4 e6 27. Rfc1 c5
28. Ndf3 Bb5 29. Bxb5+ Rxb5 30. b3 Ke7 31. Ne1 a5 32. Nhf3 Nf6 33. Kf1 Ra8 34.
a4 Rb7 35. Nd2 Nc6 36. Nc2 d5 37. Ke2 Rab8 38. Rh1 Kd6 39. Rac1 Re7 40. Rhd1
Rh8 41. Kf1 h4 42. Kg2 hxg3 43. fxg3 Rb7 44. Rh1 Rxh1 45. Rxh1 Ne4 46. Nxe4+
dxe4 47. Rd1+ Ke7 48. f5 Rxb3 0-1

[Event "2.BLO 0607 Nickelhütte Aue - Leipzig Go"]
[Site "?"]
[Date "2006.10.15"]
[Round "1.1"]
[White "Roos, Michael"]
[Black "Meijers, Viesturs"]
[Result "0-1"]
[WhiteElo "2349"]
[BlackElo "2474"]
[PlyCount "54"]
[EventDate "2006.??.??"]

1. Nf3 Nf6 2. c4 e6 3. Nc3 Bb4 4. Qc2 O-O 5. a3 Bxc3 6. Qxc3 b6 7. e3 Bb7 8.
Be2 d6 9. O-O Nbd7 10. b4 Ne4 11. Qc2 f5 12. Bb2 Qe8 13. d3 Nef6 14. Nd2 Qg6
15. Bf3 Bxf3 16. Nxf3 e5 17. Qa4 e4 18. dxe4 fxe4 19. Nd2 Rf7 20. Rad1 Raf8 21.
h3 Qh5 22. Qb5 Qh4 23. Qf5 Re8 24. f4 exf3 25. Rxf3 Ne5 26. Rf2 Qh6 27. Qc2 Ng6
{bis zum 69 Zug nicht mehr lesbar} 0-1

[Event "2.BLO 0607 Nickelhütte Aue - Leipzig Go"]
[Site "?"]
[Date "2006.10.15"]
[Round "1.2"]
[White "Rogozenko, Dorian"]
[Black "Voigt, Roland"]
[Result "1-0"]
[WhiteElo "2524"]
[BlackElo "2350"]
[PlyCount "45"]
[EventDate "2006.??.??"]

1. d4 Nf6 2. c4 g6 3. g3 Bg7 4. Bg2 O-O 5. Nc3 d6 6. Nf3 Nbd7 7. O-O e5 8. e4
a6 9. Re1 exd4 10. Nxd4 Ng4 11. h3 Qf6 12. Qxg4 Qxd4 13. Qe2 Qf6 14. Be3 Ne5
15. Nd5 Qd8 16. f4 Nc6 17. Rad1 Bd7 18. c5 dxc5 19. Bxc5 Re8 20. Qf2 Qc8 21.
Bb6 Bxh3 22. Nxc7 Bxg2 23. Kxg2 1-0

[Event "2.BLO 0607 Nickelhütte Aue - Leipzig Go"]
[Site "?"]
[Date "2006.10.15"]
[Round "1.3"]
[White "Schoeneberg, Manfred"]
[Black "Gaponenko, Inna"]
[Result "1/2-1/2"]
[WhiteElo "2298"]
[BlackElo "2458"]
[PlyCount "106"]
[EventDate "2006.??.??"]

1. e4 c5 2. Nf3 d6 3. d4 cxd4 4. Qxd4 Nc6 5. Bb5 Bd7 6. Bxc6 Bxc6 7. Nc3 Nf6 8.
Bg5 e6 9. O-O-O Be7 10. Rhe1 O-O 11. Qd2 h6 12. Bh4 Nxe4 13. Nxe4 Bxh4 14. Qxd6
Qxd6 15. Rxd6 Be7 16. Rdd1 Rfd8 17. c4 Rxd1+ 18. Kxd1 Rc8 19. Ne5 Be8 20. Nc3
Bb4 21. Re3 f6 22. Nd3 Bxc3 23. bxc3 Rxc4 24. Rxe6 Bf7 25. Re7 Rxc3 26. Kd2 Ra3
27. Rxb7 Rxa2+ 28. Ke3 a5 29. Rb8+ Kh7 30. Rb7 Bd5 31. Rd7 Be6 32. Re7 Bc4 33.
Nf4 a4 34. Kd4 Rxf2 35. Nh5 Kg6 36. g4 f5 37. Ke5 Rf1 38. Nf4+ Rxf4 39. Kxf4 a3
40. h4 a2 41. h5+ Kh7 42. Ra7 Be6 43. Ra8 Bd5 44. Ra7 Kg8 45. Kxf5 Kf8 46. Ra5
Bf7 47. Ra8+ Ke7 48. Ra7+ Kd6 49. Ra6+ Kc5 50. Ra5+ Kd4 51. Ra3 Kc5 52. Ra5+
Kd4 53. Ra3 Kc5 1/2-1/2

[Event "2.BLO 0607 Nickelhütte Aue - Leipzig Go"]
[Site "?"]
[Date "2006.10.15"]
[Round "1.4"]
[White "Vasilevich, Tatjana"]
[Black "Zesch, Ludwig"]
[Result "1-0"]
[WhiteElo "2412"]
[BlackElo "2287"]
[PlyCount "89"]
[EventDate "2006.??.??"]

1. d4 Nf6 2. c4 g6 3. f3 Bg7 4. e4 d6 5. Nc3 O-O 6. Bg5 c5 7. d5 h6 8. Be3 a6
9. a4 e6 10. Qd2 exd5 11. cxd5 h5 12. Nge2 Nbd7 13. Nd1 Ne5 14. Nec3 Bd7 15. h3
b5 16. axb5 axb5 17. Rxa8 Qxa8 18. Nxb5 Qb8 19. Ndc3 c4 20. Nd4 Qa8 21. Be2
Qa1+ 22. Nd1 Rb8 23. O-O Kh7 24. Nc6 Nxc6 25. dxc6 Bxc6 26. Bxc4 Rb7 27. Bd4
Qa8 28. Ne3 Rd7 29. Rd1 Qb7 30. b4 Ba4 31. Ra1 Qc6 32. Qb2 Ne8 33. b5 Qc5 34.
Bxg7 Qxe3+ 35. Qf2 Qxf2+ 36. Kxf2 Kxg7 37. Rxa4 Rb7 38. Ke3 Nc7 39. Rb4 Kf6 40.
f4 Rb6 41. Rb1 Ne6 42. h4 Nc7 43. g3 Ne6 44. Kd3 Ke7 45. Bd5 1-0

[Event "2.BLO 0607 Nickelhütte Aue - Leipzig Go"]
[Site "?"]
[Date "2006.10.15"]
[Round "1.5"]
[White "Quast, Michael"]
[Black "Priehoda, Viteslav"]
[Result "1/2-1/2"]
[WhiteElo "2285"]
[BlackElo "2383"]
[PlyCount "67"]
[EventDate "2006.??.??"]

1. e4 c5 2. Nf3 e6 3. Nc3 a6 4. g3 b5 5. Bg2 Bb7 6. d3 d6 7. O-O Nd7 8. Ne1
Ngf6 9. f4 b4 10. Nb1 Qc7 11. Qe2 e5 12. Nd2 Nb6 13. Nc4 Nxc4 14. dxc4 Be7 15.
Nd3 Nd7 16. Bh3 O-O 17. Bxd7 Qxd7 18. f5 f6 19. g4 g6 20. Rf3 Rf7 21. Nf2 Kh8
22. Be3 Rg8 23. Rg3 gxf5 24. gxf5 Rfg7 25. Qf3 Bf8 26. b3 Qf7 27. Kh1 Bc6 28.
Rag1 Qb7 29. Rxg7 Rxg7 30. Rxg7 Bxg7 31. Kg2 a5 32. Kf1 Qf7 33. Ke1 Qb7 34. Kd1
1/2-1/2

[Event "2.BLO 0607 Nickelhütte Aue - Leipzig Go"]
[Site "?"]
[Date "2006.10.15"]
[Round "1.6"]
[White "Wichmann, Cliff"]
[Black "Hoffmann, Hendrik"]
[Result "1-0"]
[WhiteElo "2360"]
[BlackElo "2329"]
[PlyCount "65"]
[EventDate "2006.??.??"]

1. d4 Nf6 2. c4 g6 3. Nc3 Bg7 4. e4 d6 5. Bd3 e5 6. d5 O-O 7. Nge2 Na6 8. a3
Nc5 9. Bc2 a5 10. Be3 Ng4 11. Bxc5 dxc5 12. O-O f5 13. exf5 gxf5 14. h3 Nf6 15.
Ng3 e4 16. f3 Qd6 17. Qe1 exf3 18. Rxf3 f4 19. Nb5 Qb6 20. Rxf4 Bd7 21. Nf5
Nxd5 22. cxd5 Bxf5 23. Bxf5 Qxb5 24. Qe6+ Kh8 25. Rh4 Rxf5 26. Qxf5 h6 27. Re1
Rf8 28. Qc2 Bd4+ 29. Kh2 Rf1 30. Rxh6+ Kg8 31. Ree6 Rf7 32. Qe4 Kf8 33. Qh4 1-0

[Event "2.BLO 0607 Nickelhütte Aue - Leipzig Go"]
[Site "?"]
[Date "2006.10.15"]
[Round "1.7"]
[White "Rausch, Stephan"]
[Black "Diebl, Lutz"]
[Result "0-1"]
[WhiteElo "2338"]
[BlackElo "2238"]
[PlyCount "44"]
[EventDate "2006.??.??"]

1. d4 Nc6 2. Nf3 d5 3. Bf4 Bg4 4. e3 e6 5. c4 Bb4+ 6. Nc3 Nge7 7. Rc1 O-O 8. a3
Bxc3+ 9. Rxc3 Ng6 10. Bg3 f5 11. cxd5 exd5 12. Qb3 f4 13. Qxb7 fxg3 14. Qxc6
gxf2+ 15. Kd2 Rxf3 16. Bc4 Ne7 17. Bxd5+ Nxd5 18. gxf3 Bh3 19. Rcc1 Rb8 20. b4
Qg5 21. f4 Qg2 22. Kd3 Qf3 0-1

[Event "2.BLO 0607 Nickelhütte Aue - Leipzig Go"]
[Site "?"]
[Date "2006.10.15"]
[Round "1.8"]
[White "Schnabel, Ralf"]
[Black "Schunk, Thomas"]
[Result "1/2-1/2"]
[WhiteElo "2229"]
[BlackElo "2354"]
[PlyCount "54"]
[EventDate "2006.??.??"]

1. e4 e5 2. Nf3 d6 3. d4 Nf6 4. Nc3 Nbd7 5. Bc4 Be7 6. O-O O-O 7. Re1 c6 8. a4
b6 9. d5 c5 10. Nd2 a6 11. Nf1 g6 12. Bh6 Re8 13. Ng3 Bf8 14. Bg5 h6 15. Be3
Bg7 16. f3 Kh7 17. Qd2 Rg8 18. Nce2 Qf8 19. Reb1 h5 20. b4 Bh6 21. bxc5 bxc5
22. a5 Bxe3+ 23. Qxe3 h4 24. Nf1 Nh5 25. Qg5 Qd8 26. Qxd8 Rxd8 27. Ne3 Kg7 {(=)
} 1/2-1/2

[Event "2.BLO 0607 SV Würzburg - USV TU Dresden"]
[Site "?"]
[Date "2006.10.15"]
[Round "1.1"]
[White "Uhlmann, Wolfgang"]
[Black "Vavra, Pavel"]
[Result "1/2-1/2"]
[WhiteElo "2413"]
[BlackElo "2338"]
[PlyCount "48"]
[EventDate "2006.??.??"]

1. c4 c6 2. d4 d5 3. Nf3 dxc4 4. a4 e6 5. a5 c5 6. e4 cxd4 7. Qxd4 Bd7 8. Ne5
Nc6 9. Qxd7+ Qxd7 10. Nxd7 Kxd7 11. Bxc4 Nf6 12. f3 Bc5 13. Bb5 Ke7 14. Bxc6
bxc6 15. Kd1 Ne8 16. Kc2 Nc7 17. Nd2 Na6 18. Nb3 Bd6 19. Bd2 Rab8 20. Bc3 Nb4+
21. Kb1 Nd3 22. Kc2 Nb4+ 23. Kb1 Nd3 24. Kc2 Nb4+ 1/2-1/2

[Event "2.BLO 0607 SV Würzburg - USV TU Dresden"]
[Site "?"]
[Date "2006.10.15"]
[Round "1.2"]
[White "Siepelt, Heiner"]
[Black "Gauglitz, Gernot"]
[Result "0-1"]
[WhiteElo "2334"]
[BlackElo "2395"]
[PlyCount "102"]
[EventDate "2006.??.??"]

1. e4 c5 2. Nc3 Nc6 3. f4 g6 4. Nf3 Bg7 5. Bb5 Nd4 6. O-O Nxb5 7. Nxb5 Nf6 8.
e5 Nd5 9. d4 Qb6 10. c4 Nc7 11. dxc5 Qxc5+ 12. Qd4 Qxd4+ 13. Nfxd4 Na6 14. Bd2
O-O 15. b4 d6 16. exd6 exd6 17. Rac1 Bd7 18. Rfd1 Rfd8 19. Be1 Re8 20. Nf3 d5
21. Nd6 Rxe1+ 22. Nxe1 Nxb4 23. cxd5 Nxa2 24. Rc7 Ba4 25. Rd2 Nc3 26. Rxb7 f5
27. Nf3 Bf8 28. Nf7 Ne4 29. Rdb2 Rc8 30. g3 Nc5 31. Rxa7 Nd3 32. Rxa4 Nxb2 33.
Ra2 Rc1+ 34. Kg2 Rc2+ 35. Kh3 Kxf7 36. Ne5+ Ke7 37. Nd3 Bg7 38. Ra7+ Kd6 39.
Nb4 Rc7 40. Ra6+ Kc5 41. d6 Rd7 42. Rc6+ Kxb4 43. Rc7 Rxd6 44. Rxg7 h6 45. Rh7
Nd1 46. Kh4 Nf2 47. h3 h5 48. Rc7 Kb5 49. Rc2 Ne4 50. g4 hxg4 51. hxg4 Rd1 0-1